| 000 | 00706cam a22002291 4500 | ||
|---|---|---|---|
| 001 | sd 50000128 | ||
| 003 | DLC | ||
| 005 | 20260227112736.0 | ||
| 008 | 941014s1950 nyub 000 0 eng c | ||
| 010 | _asd 50000128 | ||
| 035 | _a(OCoLC)31281540 | ||
| 040 |
_aU.S. Dept. of State Library _cIEN _dIEN _dDLC |
||
| 042 | _apremarc | ||
| 050 | 0 | 0 |
_aD410 _b.F65 vol. 26, no. 5 |
| 100 | 1 |
_aNorman, Edward A., _d1900- |
|
| 245 | 1 | 0 | _aIsrael after two years. |
| 260 |
_aNew York, _bForeign Policy Association, _c1950. |
||
| 300 |
_a[42]-52 p. _bmap. _c27 cm. |
||
| 440 | 0 |
_aForeign policy reports, _vv. 26, no. 5 |
|
| 651 | 0 |
_aIsrael _xEconomic conditions. |
|
| 651 | 0 |
_aPalestine _xPolitics and government _y1948- |
|
| 999 |
_c90027 _d90027 |
||